Statistics for ICC World Cup 2019 Quiz

Click here to take the quiz!

General Stats

  • This quiz has been taken 21 times
  • The average score is 9 of 10

Answer Stats

World Cup Nation% Correct
England
100%
New Zealand
100%
South Africa
100%
Afghanistan
94%
Australia
94%
India
94%
Pakistan
94%
West Indies
94%
Sri Lanka
89%
Bangladesh
78%

Score Distribution

Percentile by Number Answered

Percent of People with Each Score

Your Score History

You have not taken this quiz